都道府県東西南北端のJR駅 - Statistics

General Stats
  • This quiz has been taken 462 times
  • The average score is 37 of 184
Answer Stats
都道府県 Answer % Correct
北海道 東根室
84%
北海道 稚内
78%
北海道 木古内
68%
千葉県 銚子
51%
東京都 奥多摩
50%
神奈川県 湯河原
46%
鹿児島県 西大山
44%
兵庫県 尼崎
41%
東京都 小岩
40%
青森県 下北
40%
埼玉県 三郷
39%
山梨県 上野原
39%
静岡県 伊東
39%
宮城県 気仙沼
38%
茨城県 古河
38%
石川県 和倉温泉
38%
和歌山県 新宮
37%
岩手県 宮古
35%
北海道 八雲
35%
静岡県 新所原
35%
群馬県 土合
35%
福岡県 門司港
35%
長崎県 長崎
34%
茨城県 大津港
33%
石川県 七尾
33%
鳥取県 境港
33%
愛知県 二川
33%
和歌山県 串本
33%
大阪府 島本
33%
長野県 軽井沢
32%
富山県 猪谷
32%
京都府 木津
32%
滋賀県 近江塩津
32%
富山県 黒部宇奈月温泉
31%
福井県 九頭竜湖
31%
長崎県 佐世保
31%
茨城県 取手
31%
三重県 鳥羽
30%
滋賀県 柏原
30%
群馬県 大前
30%
石川県 大聖寺
30%
徳島県 鳴門
30%
岐阜県 関ケ原
29%
大分県 中津
29%
群馬県 桐生
28%
秋田県 男鹿
28%
埼玉県 神保原
28%
山梨県 小淵沢
27%
愛知県 弥富
27%
栃木県 野木
27%
千葉県 千倉
27%
島根県 安来
26%
岡山県 児島
26%
青森県 階上
24%
栃木県 豊原
24%
広島県 大竹
24%
群馬県 群馬藤岡
24%
福岡県 大牟田
23%
大分県 宗太郎
23%
静岡県 駿河小山
23%
愛知県 木曽川
23%
三重県 長島
23%
奈良県 平城山
23%
山口県 和木
22%
福島県 只見
22%
三重県 鵜殿
22%
滋賀県 大津京
22%
東京都 成瀬
22%
新潟県 土樽
22%
大阪府 山中渓
22%
山形県 鼠ケ関
21%
熊本県 荒尾
21%
徳島県 阿波海南
20%
香川県 高松
20%
神奈川県 昭和
19%
神奈川県 谷峨
19%
埼玉県 東所沢
19%
山梨県 清里
19%
鹿児島県 出水
19%
京都府 月ケ瀬口
18%
愛媛県 川之江
18%
千葉県 十二橋
18%
神奈川県 稲田堤
18%
岐阜県 坂下
17%
大阪府 長尾
17%
大阪府 関西空港
17%
熊本県 新水俣
17%
山形県 板谷
17%
長野県 森宮野原
17%
島根県 松江
17%
佐賀県 西唐津
17%
福島県 富岡
16%
愛媛県 八幡浜
16%
福島県 貝田
16%
福井県 牛ノ谷
16%
愛知県 東栄
15%
福岡県 吉富
15%
新潟県 府屋
15%
宮城県 奥新川
14%
埼玉県 丹荘
14%
青森県 津軽湯の沢
14%
長野県 中井侍
14%
静岡県 舞阪
14%
島根県 津和野
14%
栃木県 小俣
13%
宮城県 坂元
13%
滋賀県 油日
13%
山形県 女鹿
13%
岐阜県 杉原
13%
広島県 大門
12%
青森県 艫作
12%
岩手県 ゆだ高原
12%
長野県 田立
12%
京都府 上夜久野
12%
秋田県 院内
12%
福島県 矢祭山
12%
岐阜県 古虎渓
12%
兵庫県 垂水
12%
鳥取県 東浜
11%
宮崎県 真幸
11%
東京都 古里
11%
山形県 堺田
10%
宮崎県 市棚
10%
新潟県 小滝
10%
富山県 福光
10%
福井県 青郷
10%
佐賀県 伊万里
10%
岩手県 油島
10%
岡山県 寒河
9%
香川県 讃岐相生
9%
鹿児島県 大隅夏井
9%
奈良県 大和二見
9%
大分県 夜明
9%
京都府 松尾寺
9%
長崎県 小長井
8%
兵庫県 上月
8%
岩手県 角の浜
8%
秋田県 岩館
8%
兵庫県 佐津
8%
和歌山県 隅田
8%
秋田県 湯瀬温泉
7%
新潟県 越後金丸
7%
奈良県 三輪
7%
佐賀県 けやき台
7%
千葉県 浜金谷
7%
島根県 飯浦
7%
香川県 箕浦
7%
山梨県 十島
7%
鳥取県 上石見
7%
熊本県 矢岳
7%
広島県 油木
7%
高知県 土佐岩原
6%
岡山県 野馳
6%
鹿児島県 串木野
6%
佐賀県 肥前大浦
6%
宮崎県 福島今町
6%
山口県 江崎
6%
和歌山県 初島
5%
福井県 上中
5%
大分県 浅海井
4%
徳島県 阿波川口
4%
福岡県 鹿家
4%
岡山県 美作河井
4%
徳島県 見能林
3%
熊本県 滝水
3%
山口県 梅ケ峠
3%
山口県 宇部岬
3%
愛媛県 真土
3%
高知県 家地川
3%
愛媛県 波止浜
3%
高知県 西ケ方
2%
No matching quizzes found
Score Distribution
Percent of People with Each Score
Percentile by Number Answered
Your Score History
You have not taken this quiz